[Event "IOM Open-Masters 2017"]
[Site "Douglas"]
[Date "2017.09.24"]
[Round "2"]
[White "Swayams, Mishra"]
[Black "Pranav, Anand"]
[Result "1/2-1/2"]
[WhiteElo "2444"]
[BlackElo "2106"]
[Annotator "TA"]
[PlyCount "82"]
[EventDate "2017.??.??"]
[EventType "swiss"]
[EventCountry "GBR"]
[SourceTitle "playchess.com"]
[Source "ChessBase"]
[SourceQuality "1"]

{[%evp 25,82,-78,-84,-84,-92,-110,-87,-102,-93,-104,-101,-143,-127,-129,-109,-114,-104,-97,-72,-74,-76,-114,-66,-71,-77,-99,-19,-20,-33,-57,-51,-80,-80,-81,-67,-68,-75,-102,-77,-100,-59,-64,-29,-29,-33,-33,-33,-33,-33,-41,-39,-41,-41,-48,-41,-54,-52,-52,-52]} 1. e4 e5 2. Nf3 Nc6 {[%cal Bb8c6,Bc6d4,Bd4e6,Be6f4][%mdl 32]} 3. Bc4 Bc5 4. O-O Nf6 5. d4 Bxd4 6. Nxd4 Nxd4 7. f4 d6 8. fxe5 dxe5 9. Bg5 Qe7 10. Na3 {C50: Hungarian Defence and Giuoco Pianissimo} Bd7 11. c3 Ne6 12. Bxf6 gxf6 13. Qf3 Nf4 {LiveBook: 5 Games} 14. Kh1 h5 $146 ({Predecessor:} 14... f5 15. exf5 O-O-O 16. Ba6 c6 17. Qe3 {1-0 (27) Can,E (2555)-Chuvnik,M (2189) Jerusalem 2015}) 15. Nc2 h4 16. Ne3 c6 17. b4 O-O-O 18. a4 Be6 19. Rad1 Kb8 20. a5 Rhg8 21. Rxd8+ Qxd8 22. Rd1 Qe7 23. Bf1 Rd8 24. Rxd8+ Qxd8 25. Qf2 h3 (25... a6 $17 26. Qb2 Qd6) 26. g3 $11 Ng6 27. Kg1 Nf8 $1 28. Qe2 Nh7 29. Qd3 Qc7 30. Be2 Ng5 31. Kf2 Qd7 32. g4 Qe7 33. Kg3 Kc7 34. Bf1 Qd6 35. Qxd6+ {Black is slightly better.} Kxd6 $15 {[%mdl 4096] Endgame KBN-KBN} 36. Bd3 Bb3 37. Nf5+ Kd7 38. Ne3 b6 39. axb6 axb6 40. Bb1 b5 41. Bd3 Kc7 {Precision: White = 69%, Black = 78%.} 1/2-1/2

[Event "IOM Open-Masters 2017"]
[Site "Douglas"]
[Date "2017.09.24"]
[Round "2"]
[White "Gaponenko, Inna"]
[Black "Short, Nigel D"]
[Result "0-1"]
[WhiteElo "2437"]
[BlackElo "2698"]
[Annotator "TA"]
[PlyCount "92"]
[EventDate "2017.??.??"]
[EventType "swiss"]
[EventCountry "GBR"]
[SourceTitle "playchess.com"]
[Source "ChessBase"]
[SourceQuality "1"]

{[%evp 16,92,17,17,13,11,7,16,22,22,34,-75,-80,-65,-75,-125,-99,-115,-94,-88,-87,-105,-106,-93,-105,-100,-106,-112,-19,-136,-135,-116,-122,-139,-134,-143,-107,-112,-119,-104,-96,-88,-82,-92,-84,-95,-74,-71,-83,-64,-78,-169,-160,-168,-168,-170,-182,-262,-254,-310,-304,-316,-315,-289,-290,-283,-273,-312,-279,-276,-262,-251,-260,-348,-314,-327,-312,-1232,-1189]} 1. e4 e6 2. d4 d5 3. Nc3 Nf6 4. e5 Nfd7 5. f4 c5 6. Nf3 Nc6 7. Be3 Be7 8. Qd2 O-O 9. dxc5 Nxc5 {C11: French: Classical System: 4 e5 and 4 Bg5 dxe4} 10. O-O-O b6 (10... Qa5 11. Kb1 Rd8 12. Nd4 Bf8 13. g4 Bd7 14. h4 Rab8 15. Nce2 Qxd2 16. Rxd2 Ne4 17. Rd1 Nxd4 18. Bxd4 {1-0 (34) Adhiban,B (2670)-Korobov,A (2711) Khanty-Mansiysk 2017}) 11. h4 Bb7 {The position is equal.} 12. Qe1 Qc8 13. Bxc5 $146 (13. Kb1 $14) ({Predecessor:} 13. h5 Ne4 14. h6 g6 15. a3 Rd8 16. Bf2 Na5 17. Nxe4 dxe4 {½-½ (37) Lohse,M (2519)-Pessoa,F (2456) ICCF email 2009}) 13... bxc5 $17 14. f5 Qb8 15. fxe6 fxe6 16. Ng5 Bxg5+ ({But not} 16... Qxe5 $6 17. Nxe6 Qxe1 18. Rxe1 $14) 17. hxg5 Qxe5 18. Bd3 g6 19. Qh4 {[%csl Gh1][%cal Rh4h7]} Qf4+ 20. Kb1 {[%csl Gh1][%cal Rh4h7]} Qxh4 21. Rxh4 c4 {[#]} (21... Ne5 $17 {Hoping for ...Nf7.} 22. Re1 Nf7 23. Rxe6 Nxg5) 22. Be2 (22. Bxg6 $1 $11 {[%mdl 512]} hxg6 23. Rdh1) 22... Rae8 23. b3 cxb3 24. axb3 Rf5 25. Rg4 Re7 26. Bd3 Rf2 27. Re1 a5 28. Nd1 Rf8 29. Ra4 Ra8 30. Nf2 e5 31. Ng4 Kg7 32. Bb5 e4 33. Bxc6 (33. Rd1 $17) 33... Bxc6 $19 34. Rd4 Rf8 35. c4 dxc4 36. Rxc4 {[#]} (36. bxc4 $142 Rf5 37. Ne3 Rxg5 38. Rd6 Rb7+ 39. Kc2 Ba4+ 40. Kd2) 36... Bb5 $1 {[%cal Rb5c4]} 37. Rc5 Rf5 38. Rec1 {[#]} e3 $1 {[%cal Be4e3,Be3e2][%mdl 32]} 39. Rc7 Rff7 40. Rxe7 Rxe7 {[%mdl 4096] Endgame KRB-KRN} 41. Kc2 e2 42. Kd2 Rd7+ 43. Ke1 Rd5 44. Rc7+ Kf8 {( -> ...Rd1+)} 45. Ne3 Rxg5 46. Rxh7 $2 (46. Nc4) 46... Rc5 {Precision: White = 62%, Black = 80%.} 0-1

[Event "IOM Open-Masters 2017"]
[Site "Douglas"]
[Date "2017.09.24"]
[Round "2"]
[White "Kiewra, Keaton"]
[Black "Movsesian, Sergei"]
[Result "0-1"]
[WhiteElo "2433"]
[BlackElo "2671"]
[Annotator "TA"]
[PlyCount "86"]
[EventDate "2017.??.??"]
[EventType "swiss"]
[EventCountry "GBR"]
[SourceTitle "playchess.com"]
[Source "ChessBase"]
[SourceQuality "1"]

{[%evp 24,86,12,13,35,2,12,30,21,9,17,9,41,26,107,0,0,0,0,0,17,0,0,0,0,0,0,-39,-35,-40,-43,-212,-197,-199,60,71,73,0,0,-8,310,0,274,266,273,266,954,148,189,-22,0,-23,-17,-24,-14,-105,-101,-209,-225,-205,-181,-209,-208,-286,-284]} 1. e4 c5 2. Nf3 e6 3. d4 cxd4 4. Nxd4 Nc6 5. Nc3 d6 6. Be3 a6 7. Be2 Bd7 8. a4 Nf6 9. O-O Be7 10. Kh1 O-O 11. f4 Qc7 12. Qe1 Nb4 {B85: Sicilian Scheveningen: 6 Be2 a6, lines with early Be3} (12... Rac8 13. Nb3 Nb4 14. Qd2 d5 15. e5 Ne4 16. Nxe4 dxe4 17. c3 Nd5 18. Bd4 Bc6 19. a5 Rcd8 20. Qc2 Qb8 {0-1 (52) Bologan,V (2661)-Movsesian,S (2672) Dubai 2014}) 13. Qg3 {LiveBook: 8 Games} Rfc8 14. e5 Nfd5 {The position is equal.} 15. Nxd5 Nxd5 16. Bg1 Be8 $146 ({Predecessor:} 16... b5 17. axb5 axb5 18. Rxa8 Rxa8 19. Nxb5 Qc4 20. Qd3 Qxd3 21. cxd3 dxe5 22. fxe5 {1-0 (30) Janko,Z (2279)-Jancovic,P (2143) Slovakia 2010}) 17. c3 dxe5 18. fxe5 Nb6 (18... Bf8 $11) 19. Bg4 (19. Qh3 $16) 19... Nd7 $1 $11 {[%cal Bb6d7,Bd7f8,Bf8g6][%mdl 32]} (19... Nxa4 $2 20. Bxe6 $1 {[%mdl 512]} g6 21. Qf4 $18) 20. Be3 Nf8 (20... Nxe5 $2 21. Bf4 $18) 21. h4 {[%cal Bh2h4,Bh4h5][%mdl 32]} Ng6 22. h5 Qxe5 23. Qh3 $36 {[%mdl 2048] White is pushing.} Nf8 $1 24. Rae1 Qd5 (24... Bxa4 25. Bg1 $15) 25. Bd1 h6 26. Bb3 Qd7 27. Bxh6 $2 (27. Bf4 $15) 27... gxh6 $19 28. Nxe6 Bg5 $2 ({Not} 28... fxe6 $2 29. Rxe6 Bf7 30. Rg6+ $1 {[%mdl 512]} Kh8 31. Qxd7 $18 (31. Rxf7 Qxh3+ 32. gxh3 Bg5 $14)) (28... Nxe6 $19 29. Rxe6 Rc5) 29. Nxg5 $14 hxg5 30. Qf3 (30. Qg3 $1 $16 {[%cal Rg3g5]} Nh7 31. Re5) 30... Nh7 $11 31. Re5 {Strongly threatening Qe4.} Rc7 $2 {[%mdl 8192]} (31... Kh8 $1 $11 {and Black has nothing to worry.}) 32. Qe4 $2 (32. Qg3 $1 $18 Rc6 33. Rd1) 32... Qc6 $2 {[%mdl 8192]} (32... Kh8 $1 $11) 33. Bd5 $18 Qxa4 34. c4 $1 Rd8 $2 (34... Qb4) 35. Re1 $2 (35. h6 $18 {has better winning chances. Intending Qg6+ and mate.} Kh8 36. Rxg5 $1 {[%mdl 512]} Rxd5 37. Rxd5 Rxc4 38. Qe5+ f6 39. Rxf6 Rh4+ 40. Kg1 Rh1+ 41. Kxh1 Qh4+ 42. Kg1 Qxf6 43. Qxe8+ Nf8 44. Rd8 Qb6+ 45. Kf1 Qf6+ 46. Ke1) 35... Kg7 {aiming for ...Bc6.} 36. Rxe8 $2 (36. Qd4 $1 $18 {White wants to mate with Rxg5+.} f6 37. Re7+ Rxe7 38. Rxe7+ Kh8 39. Rxh7+ $1 {[%mdl 512]} Kxh7 40. Be4+ Kg7 41. h6+ $1 {[%mdl 512]} (41. Qxd8 Bxh5 42. Qc7+ Bf7 $11) 41... Kf7 42. Qxd8 Qa1+ 43. Kh2) 36... Qxe8 37. Qxe8 Rxe8 38. Rxe8 {[%mdl 4096] Endgame KRB-KRN} Nf6 39. Re5 {[#]} (39. Rb8 $1 $11 {keeps the balance.}) 39... Kh6 $1 $17 40. Rf5 (40. b3 $17) 40... Nxd5 $19 ({And not} 40... Nxh5 41. Rxf7 Rxf7 42. Bxf7 $11) 41. cxd5 Kxh5 42. d6 Rd7 43. Rf6 {[#]} g4 $1 {Precision: White = 27%, Black = 41%.} 0-1

[Event "IOM Open-Masters 2017"]
[Site "Douglas"]
[Date "2017.09.24"]
[Round "2"]
[White "Raja, Harshit"]
[Black "Adhiban, B."]
[Result "1/2-1/2"]
[WhiteElo "2423"]
[BlackElo "2670"]
[Annotator "TA"]
[PlyCount "212"]
[EventDate "2017.??.??"]
[EventType "swiss"]
[EventCountry "GBR"]
[SourceTitle "playchess.com"]
[Source "ChessBase"]
[SourceQuality "1"]

{[%evp 13,212,19,45,30,26,34,33,42,43,25,39,-10,-18,-13,138,137,113,126,121,0,11,-68,0,0,0,0,0,0,0,0,0,-327,-345,-355,-340,-288,64,-524,238,-989,583,-466,-467,-446,-436,-843,-843,-842,-842,-705,-259,-259,-259,-300,-219,-268,-267,-257,-238,-219,-178,-163,-163,-320,-274,-456,-513,-466,-435,-412,-380,-845,-817,-820,-683,-861,-841,-762,-793,-658,-524,-1496,-1496,-1477,-1610,-1685,-1422,-811,-5,-5,0,0,0,0,0,0,0,0,0,0,0,0,0,0,0,0,0,0,0,0,0,0,0,0,0,0,0,0,0,0,0,0,0,0,0,0,0,0,0,0,0,0,0,0,0,0,0,0,0,0,0,0,0,0,0,0,0,0,0,0,0,0,0,0,0,0,0,0,0,0,0,0,0,0,0,0,0,0,0,0,0,0,0,0,0,0,0,0,0,0,0,0,0,0,0,0,0,0,0,0,0,0,0,0,0,0,0,0,0,0,0]} 1. e4 c5 2. Nf3 d6 3. d4 cxd4 4. Nxd4 Nf6 5. Nc3 a6 6. Bg5 Nbd7 7. Qe2 {B94: Sicilian Najdorf: 6 Bg5 Nbd7} (7. Bc4 Qa5 8. Qd2 e6 9. Bb3 Be7 10. O-O-O h6 11. Be3 Nc5 12. Kb1 Bd7 13. f3 Qc7 14. g4 b5 15. a3 Qb7 16. h4 a5 {1-0 (34) Nepomniachtchi,I (2732)-Korobov,A (2711) Khanty-Mansiysk 2017}) 7... e6 {LiveBook: 115 Games} 8. g3 Be7 9. Bg2 {White has an edge.} h6 10. Be3 $146 ({Predecessor:} 10. Bxf6 Bxf6 11. O-O-O Qb6 12. Qd2 Ne5 13. Bf1 Bd7 14. f4 Rc8 15. Nb3 Bc6 16. Qe2 Nd7 17. Nd5 Bxd5 18. exd5 Nc5 19. Kb1 e5 20. Nxc5 Rxc5 21. Qe4 {½-½ (21) Santos Ruiz,M (2484)-Vorobiov,E (2583) Sitges 2016}) 10... Qc7 11. f4 Nb6 12. O-O Nc4 13. e5 Ng4 $2 (13... dxe5 $11 14. Ndb5 axb5 15. Nxb5 Qb8 16. Qxc4 O-O) 14. Qxg4 Nxe3 15. Qxg7 Rf8 16. Rfe1 (16. exd6 $1 $16 Qxd6 17. Rfe1 Nxg2 18. Ne4 (18. Kxg2 Bd7 $16)) 16... dxe5 $11 17. fxe5 ({Much worse is} 17. Qxe5 Qxe5 18. fxe5 Bc5 $15) ({White should try} 17. Rxe3 $11 exd4 18. Qxd4) 17... Nxg2 (17... Bc5 $15 18. Rxe3 Bxd4) 18. Kxg2 b5 19. Ne4 Bb7 20. Rad1 O-O-O 21. Kh3 $36 {[%mdl 2048] White has the initiative.} (21. Qxh6 $2 Qxe5 22. Qf4 Qxf4 $19) 21... Kb8 22. Nd6 $2 {[%mdl 8192]} (22. c3 $11) 22... Rg8 $19 23. Qh7 Bxd6 24. exd6 Qxd6 $2 (24... Qc5 $19 {[%cal Rc5h5]} 25. Qxf7 Qg5 26. Nc6+ Ka8) 25. Qxf7 $2 {[%mdl 8192]} (25. Nxe6 $1 $14 {was the only good move.} Qc6 26. Rxd8+ Rxd8 27. Nxd8 Bc8+ 28. Ne6 Bxe6+ 29. Rxe6 Qxe6+ 30. Kh4) 25... Qc5 $4 {[%mdl 8192]} (25... Rdf8 $19 {and all is fine.} 26. Qh5 Rg5 27. Qxh6 Rfg8) 26. Re4 $4 {[%mdl 8192]} ({Wrong is} 26. Rxe6 $2 Rdf8 $19) (26. Nxe6 $18 Qc8 27. Rxd8 Rxd8 28. g4) 26... Rg7 $4 {[%mdl 8192] [#]} (26... Bxe4 $19 27. Qf4+ Rd6) 27. Qf3 $4 {[%mdl 8192]} ({Not} 27. Qxg7 Qh5+ 28. Rh4 Qxd1 $14) (27. Nc6+ $1 $18 {[%mdl 512] is the narrow road to win.} Qxc6 (27... Bxc6 28. Rxd8#) 28. Rxd8+ Ka7 29. Qxg7 Qxe4 30. Qd4+ Qxd4 31. Rxd4) 27... Bxe4 28. Qxe4 {aiming for Nc6+.} Qh5+ 29. Kg2 (29. Qh4 $142 Qxh4+ 30. Kxh4) 29... Qxd1 30. Nc6+ Kc8 {( -> ...Rd2+)} 31. Nxd8 Qd5 $2 (31... Kxd8 32. Qxe6 Qxc2+ 33. Kf1 Qxb2) 32. Qxd5 exd5 {[%mdl 4096] Endgame KR-KN} 33. Nc6 Kd7 34. Nb8+ Kd6 35. Nxa6 Rg4 $1 {[%cal Rg4a4]} 36. a3 Rd4 $1 {[%cal Rd4d2][%mdl 1024] Black has strong compensation.} 37. Nb4 Rd2+ 38. Kh3 $2 (38. Kf3 {only move.}) 38... Ke5 39. g4 $2 {[#]} (39. Kg4 Rxh2 40. Kf3) 39... Kf4 $1 40. Nd3+ Ke4 41. Nb4 {If only White now had time for Kg3....} Kf3 42. Nd3 $2 (42. b3) 42... d4 43. Nb4 Re2 44. Nc6 d3 45. cxd3 Rxb2 46. Na7 Kf4 47. d4 Ke4 48. Kg3 Kxd4 49. h4 Kc5 50. g5 {[#]} hxg5 $2 (50... h5 $1 $19 51. g6 Rd2) 51. hxg5 $11 {The position is equal.} b4 52. axb4+ Rxb4 {White must now prevent ...Rb7.} 53. Nc8 $1 Re4 54. g6 Re6 (54... Re8 $5 55. Kf4 $8 Rxc8 $11) 55. Kf4 $1 Rxg6 56. Ne7 Re6 57. Nf5 Kd5 58. Ne3+ Kc5 59. Nf5 Re2 60. Kf3 Re8 61. Kf4 Kd5 62. Ne3+ $1 Kd4 63. Nf5+ Kd3 64. Ng3 Re1 65. Kf3 Kd4 66. Kf4 Kd5 67. Kf3 Ke5 68. Ne2 Ra1 69. Ke3 Ra3+ 70. Kd2 Kd5 71. Kc2 Rf3 72. Kd2 Kc4 73. Ng1 Ra3 74. Ne2 Rd3+ 75. Ke1 Rd8 76. Kf2 Kd3 {...Rf8+ is the strong threat.} 77. Ng3 (77. Nc1+ {feels hotter.} Kd2 78. Nb3+ Kd1 79. Ke3 Kc2 80. Nd4+) 77... Rf8+ 78. Kg2 Rf7 79. Nf1 Ke2 80. Ng3+ Kd2 81. Nf1+ Kd3 82. Ng3 Rf4 83. Nh5 Rf7 84. Ng3 Ke3 85. Nf1+ Ke4 86. Nd2+ Kd3 87. Nf1 Rf4 88. Ng3 Ke3 89. Nf1+ Ke2 90. Ng3+ Ke1 91. Nh5 Rh4 92. Ng3 Rf4 93. Nh5 Rf2+ 94. Kg3 Rf8 95. Kg2 Ke2 96. Ng3+ Ke3 97. Nf1+ Kf4 98. Kf2 Ke4+ 99. Ke2 Kd4 100. Ng3 Rf4 101. Nh5 Rh4 102. Ng3 Ke5 103. Kf3 Ra4 104. Ne2 Ra3+ 105. Kf2 Kf5 106. Ng3+ Ke5 {Precision: White = 62%, Black = 58%.} 1/2-1/2

[Event "IOM Open-Masters 2017"]
[Site "Douglas"]
[Date "2017.09.24"]
[Round "2"]
[White "Arkell, Keith C"]
[Black "Kavinda, Akila"]
[Result "1/2-1/2"]
[WhiteElo "2415"]
[BlackElo "2099"]
[Annotator "TA"]
[PlyCount "162"]
[EventDate "2017.??.??"]
[EventType "swiss"]
[EventCountry "GBR"]
[SourceTitle "playchess.com"]
[Source "ChessBase"]
[SourceQuality "1"]

{[%evp 23,162,14,22,14,16,11,16,26,29,11,18,16,30,4,15,0,11,0,0,0,0,-9,-20,-33,-32,-41,-23,-25,36,37,23,0,0,0,17,-10,0,0,0,-17,-17,-18,-16,-13,0,-22,-25,-29,-23,-40,0,0,0,0,7,0,56,46,84,75,85,43,58,51,56,45,70,85,88,94,91,85,93,94,89,87,82,9,20,19,35,45,64,17,66,42,45,64,64,60,63,66,66,77,196,40,198,222,201,190,152,36,32,0,0,0,0,0,0,0,0,0,0,0,0,0,0,0,0,0,0,0,0,0,0,0,0,0,0,0,0,0,0,0,0,0,0,0,0,0,0]} 1. d4 Nf6 2. Nf3 g6 3. c4 Bg7 4. Nc3 O-O 5. g3 d6 6. Bg2 Nc6 7. O-O Bf5 8. d5 Na5 9. Nd4 Bd7 10. Qd3 c5 11. dxc6 {E62: King's Indian: Fianchetto: 6...c6 and Panno Variation (6...Nc6) without ...a6} (11. Nc2 a6 12. b3 b5 13. Rb1 bxc4 14. bxc4 Rb8 15. Bd2 Qc7 16. Ne4 Nxe4 17. Bxe4 Nxc4 18. Qxc4 Bb5 19. Rxb5 axb5 {½-½ (42) Shimanov,A (2627)-Gorovets,A (2545) Philadelphia 2016}) 11... Nxc6 12. Nxc6 bxc6 {LiveBook: 5 Games} 13. Bd2 Ng4 14. b3 Rc8 $146 ({Predecessor:} 14... Rb8 15. Qc2 Ne5 16. Qc1 Re8 17. h3 c5 18. Bh6 Bh8 {1-0 (51) Dobrotka,M (2235)-Husari,S (2290) Slovakia 2013}) 15. Rad1 Ne5 16. Qb1 c5 17. Qc1 Re8 18. Bh6 Bh8 19. h3 Nc6 20. Bd2 Qa5 21. Na4 Qc7 22. e3 Nb4 23. Bxb4 cxb4 24. Nb2 {[%cal Ba4b2,Bb2d3,Bd3f4][%mdl 32]} Qa5 25. Qb1 Bc6 (25... Qb6 $11) 26. Bxc6 $14 Rxc6 27. Nd3 Bc3 28. Nf4 e6 29. Rc1 Ra6 30. Rc2 Qf5 31. Re2 Qxb1 32. Rxb1 Rc8 33. Rc2 Ra3 34. Ne2 Bf6 35. Rd2 Rc6 36. Rbd1 Raa6 37. g4 Kf8 38. Ng3 Bc3 39. Rc2 f5 (39... Bg7 $11) 40. a4 Ra5 41. Ne2 fxg4 42. hxg4 Rg5 43. f3 Bf6 44. Rcd2 d5 45. cxd5 Rxd5 46. Rxd5 exd5 47. Rxd5 {[%mdl 4096] Endgame KRB-KRN} Rc2 48. Kf1 Rb2 49. g5 Bc3 50. Rd8+ (50. Nxc3 $16 bxc3 51. Rc5) 50... Ke7 $11 51. Ra8 Rxb3 52. Rxa7+ Kd6 53. Rxh7 Rb1+ 54. Kg2 $1 Rb2 55. Kf2 b3 56. Rb7 Kc5 $1 57. f4 $1 Bb4 {aiming for ...Rxe2+!} 58. Rc7+ $1 Kd6 {[#]} (58... Kb6 $16 59. Rc1 (59. Rg7 $2 Rxe2+ 60. Kxe2 b2 $19) 59... Rd2) 59. Rc1 $2 (59. Rc4 $1 $18 {[%cal Rc4b4]} Bc5 60. Rc3) 59... Bd2 $2 ({Black should try} 59... Ra2 $14) 60. Rd1 $18 Ke7 61. Kf3 Ra2 {[#]} 62. Rb1 (62. Nc1 $1 $16 {[%cal Rc1a2]} Bxc1 63. Rxc1) 62... b2 $14 63. Ke4 {Threatens to win with Kd3.} Ra3 {The position is equal.} 64. Rxb2 Rxe3+ 65. Kd4 Rxe2 $11 {KRB-KR} 66. Kd3 Rf2 67. Rxd2 Rxf4 {KR-KR} 68. Ra2 Rf5 69. a5 {[%cal Ba4a5,Ba5a6][%mdl 32]} Rxg5 70. Kc4 Rh5 71. a6 {Hoping for a7.} Rh8 72. a7 Ra8 73. Kc5 {Ra6 is the strong threat.} Kf6 74. Kb6 (74. Kd5 {is interesting.} g5 75. Ra6+ Kf5 76. Kd4 g4 77. Ke3) 74... Ke5 75. Kb7 (75. Ra5+ {is more complex.} Kf4 76. Kc5 Ke4 77. Ra4+ Ke5 78. Kc4) 75... Rxa7+ 76. Rxa7 {And now Kb6 would win. KR-KP} g5 {[%cal Bg6g5,Bg5g4,Bg4g3][%mdl 32]} 77. Kc6 g4 78. Rg7 Kf4 79. Kd5 g3 80. Kd4 {White wants to mate with Rf7+.} Kf3 81. Rf7+ Ke2 {Precision: White = 45%, Black = 60%.} 1/2-1/2

[Event "IOM Open-Masters 2017"]
[Site "Douglas"]
[Date "2017.09.24"]
[Round "2"]
[White "Wallace, John Paul"]
[Black "Sutovsky, Emil"]
[Result "1/2-1/2"]
[WhiteElo "2413"]
[BlackElo "2683"]
[Annotator "TA"]
[PlyCount "101"]
[EventDate "2017.??.??"]
[EventType "swiss"]
[EventCountry "GBR"]
[SourceTitle "playchess.com"]
[Source "ChessBase"]
[SourceQuality "1"]

{[%evp 10,101,-22,-24,0,0,0,-10,-11,-14,-10,-8,24,16,19,22,22,0,-4,-27,-5,-5,-4,-7,3,0,39,3,47,49,71,61,60,69,66,51,89,70,100,101,95,94,118,145,147,145,141,137,158,157,316,297,288,296,289,277,309,122,138,123,175,175,159,155,212,179,170,122,112,94,184,67,52,49,53,53,53,54,81,76,79,77,124,16,14,0,0,0,0,0,139,0,0,0]} 1. Nf3 Nf6 2. g3 g6 3. b3 d5 (3... Bg7 4. Bb2 O-O 5. Bg2 a5 6. O-O a4 7. c4 d6 8. d4 Nbd7 9. Nc3 Nb6 10. Qc2 d5 11. c5 a3 12. Bxa3 Rxa3 13. cxb6 cxb6 {0-1 (66) Carlsen,M (2838)-Jobava,B (2701) chess.com INT 2017}) 4. Bb2 c5 5. c4 d4 6. b4 {LiveBook: 15 Games. A05: Réti Opening: 1 Nf3 Nf6} Qb6 $146 ({Predecessor:} 6... Nc6 7. b5 Na5 8. d3 b6 9. Bg2 Bb7 10. O-O Bh6 11. Bc1 Bxc1 12. Qxc1 {0-1 (42) Rambaldi,F (2547)-Naiditsch,A (2682) Douglas 2015}) 7. Qb3 Nc6 8. b5 Na5 9. Qc2 a6 10. a4 Qe6 11. d3 b6 12. Bg2 {Nxd4 is the strong threat.} Bb7 13. Nbd2 Bh6 14. Rd1 axb5 15. axb5 O-O 16. O-O Ra7 17. Rfe1 Qf5 18. h3 Nd7 19. e3 dxe3 20. fxe3 Qe6 21. e4 f6 22. Nf1 Qd6 23. e5 fxe5 24. Nxe5 Bxg2 25. Kxg2 ({Much worse is} 25. Qxg2 $6 Bg7 $11) 25... Bg7 {[%cal Rd7e5]} 26. Nxd7 Rxd7 27. Bxg7 Kxg7 28. Ne3 {[%cal Bf1e3,Be3g4,Bg4h2][%mdl 32]} e6 29. Ng4 $1 Rdf7 $2 (29... Kh8 $16 {might work better.} 30. Re4 h5) 30. Qb2+ $18 Qd4 31. Qxd4+ cxd4 32. Rxe6 h5 33. Nh2 $2 (33. Ne5 $18 Rf6 34. Re7+ Kg8 35. g4) 33... Rf2+ $16 34. Kg1 R2f6 (34... Nb3 $16 35. Rxb6 Rc2) 35. Rxf6 $1 $18 Rxf6 {[%mdl 4096] Endgame KRN-KRN} 36. Kg2 Re6 (36... Nb3 $16 37. Nf3 Rd6) 37. Nf3 Nb3 38. Rb1 Nc5 39. Nxd4 Re3 (39... Rd6 $16) 40. Rd1 (40. Nb3 $1 $18 {[%cal Rb3c5]} Nxd3 41. c5 $1 {[%mdl 512]}) 40... Nxd3 $14 41. Ne6+ Kf7 42. Nc7 $1 {[%cal Rc7d5] aiming for Nd5.} Ne5 43. Rf1+ Kg8 44. Rf6 {Black must now prevent Nd5.} Re2+ 45. Kf1 Rc2 {[#]} 46. Rxb6 (46. Nd5 $1 $16) 46... Nxc4 $11 47. Rxg6+ Kf7 48. Rh6 {Hoping for Nd5.} Ne3+ $1 49. Kg1 Rg2+ $1 50. Kh1 Rf2 $1 51. Rxh5 {Precision: White = 58%, Black = 47%.} 1/2-1/2

[Event "IOM Open-Masters 2017"]
[Site "Douglas"]
[Date "2017.09.24"]
[Round "2"]
[White "Degtiarev, Evgeny"]
[Black "Kasimdzhanov, Rustam"]
[Result "0-1"]
[WhiteElo "2412"]
[BlackElo "2676"]
[Annotator "TA"]
[PlyCount "64"]
[EventDate "2017.??.??"]
[EventType "swiss"]
[EventCountry "GBR"]
[SourceTitle "playchess.com"]
[Source "ChessBase"]
[SourceQuality "1"]

{[%evp 18,64,0,0,0,0,0,0,12,-18,-14,-18,-15,-10,-20,-29,-25,-50,-41,-54,-53,-58,-46,-86,-76,-94,-91,-97,-100,-112,-123,-121,-121,-201,-170,-164,-125,-172,-174,-197,-190,-174,-152,-211,-135,-136,-116,-554,-548]} 1. d4 Nf6 2. c4 g6 3. Nc3 d5 4. cxd5 Nxd5 5. e4 Nxc3 6. bxc3 Bg7 7. Qa4+ Nd7 8. Nf3 O-O 9. Bg5 c5 10. Rc1 a6 {D85: Exchange Grünfeld: Unusual White 7th moves and lines with 7 Nf3} (10... h6 11. Be3 b6 12. Be2 Nf6 13. dxc5 Ng4 14. Bd2 bxc5 15. h3 Nf6 16. e5 Nd5 17. Qh4 e6 18. Qg3 Rb8 19. h4 {0-1 (59) Vorobiov,E (2584)-Le,Q (2705) Moscow 2013}) 11. Qa3 Qc7 12. Bd3 b5 {The position is equal.} 13. Bxe7 $146 (13. O-O {is interesting.} Bb7 14. Rfe1 e6 15. Qb2 Nb6 16. Qd2) ({Predecessor:} 13. Bxb5 axb5 14. Qxa8 Bb7 15. Qa3 Bxe4 16. O-O Qb7 17. Bxe7 Bxf3 18. Bxf8 Nxf8 19. gxf3 Qxf3 20. Rfe1 Bxd4 21. Qb2 Qg4+ {½-½ (21) Lednev,V (2453)-Nadeev,S (2360) ICCF email 2013}) 13... Re8 14. Bxc5 $1 Nxc5 15. Qxc5 Qxc5 16. dxc5 Bb7 17. O-O Bxe4 18. Rfd1 Rac8 19. Bxe4 Rxe4 20. h4 h6 21. h5 gxh5 22. Nd2 Ra4 23. c4 {White wants to play cxb5.} Rxc5 24. cxb5 Rxb5 25. Nb1 (25. Rc2 $17 {was necessary.}) 25... Rb2 26. a3 Rd4 27. Rf1 h4 28. Rc3 Rd8 29. Rh3 Rc8 30. Rd1 (30. Rxh4 $17 Rcb8 31. Rb4) 30... Be5 31. Rxh4 Rcb8 32. Nd2 $2 {[%mdl 8192] [#]} (32. Rb4 $17) 32... Rxd2 $1 {[%mdl 512] Precision: White = 34%, Black = 78%.} 0-1